Nauru vrai ou faux? - Statistiques

Statistiques générales
  • Ce quiz a été pris 112 fois
    111 depuis la dernière actualisation
  • Le résultat moyen est 10 sur 15
Statistiques - réponses
Question Réponse % Correct
Nauru est le plus petit pays du monde. Faux
100%
Nauru se situe dans l'Océan Indien. Faux
80%
La majorité des Nauruans est hindouiste. Faux
80%
Nauru a les taux d'obésité et de diabète les plus élevés. Vrai
80%
Nauru n'a pas de capitale officielle. Vrai
80%
Nauru est membre du Commonwealth des Nations. Vrai
80%
Nauru est devenu l'un des pays les plus riches du monde en exploitant du titane. Faux
60%
La reine Elisabeth a déjà visité Nauru. Vrai
60%
Le gouvernement nauruan a illégalement vendu des passeports pour s'enrichir. Vrai
60%
Nauru a un aéroport international. Vrai
60%
Les Japonais ont occupé Nauru durant la Seconde Guerre mondiale. Vrai
60%
La ligne sur le drapeau de Nauru représente le tropique du Capricorne. Faux
40%
Nauru est le pays le plus géographiquement isolé dans le monde. Faux
40%
Le sport national de Nauru est le rugby. Faux
40%
Nauru a été colonisé par l'Allemagne. Vrai
40%
Aucun quiz correspondant
Distribution des résultats
% des personnes avec chaque résultat
Percentile par nombre de réponses
Votre historique - résultats
Vous n’avez pas pris ce quiz depuis la dernière actualisation